Villes de Corse - Mort Subite - Statistiques

Statistiques générales
  • Ce quiz a été pris 359 fois
  • Le résultat moyen est 11 sur 22
Answers on the Grid
Answers color-coded by a green-red scale on the quiz's grid according to % correct below.
Calvi
Corte
Ajaccio
Bastia
Biguglia
Zonza
L'Île-Rousse
Sartène
Bonifacio
Porto-Vecchio
Propriano
Figari
Casabianca
Ersa
Cargèse
Borgo
Grosseto-Prugna
Furiani
Afa
Monticello
Piana
Lumio
Salernes
Royan
Ciutadella
Lérida
Dax
Agen
Gannat
Issoire
Albertville
Grenoble
Bollène
Uzès
Lunel
Perpignan
Saint-Jean-Cap-Ferrat
Cassis
Grasse
Sanremo
Lucques
Pise
Ostie
Latina
Agrigente
Palerme
Messine
Syracuse
Catane
Marsala
Bizerte
Carbonia
Cagliari
Olmedo
Olbia
 
Statistiques - réponses
Réponse % Correct
Ajaccio
73%
Calvi
73%
Bastia
71%
Bonifacio
71%
Porto-Vecchio
67%
L'Île-Rousse
63%
Corte
62%
Figari
60%
Furiani
59%
Propriano
59%
Borgo
57%
Sartène
51%
Biguglia
48%
Piana
45%
Zonza
43%
Cargèse
39%
Lumio
35%
Grosseto-Prugna
33%
Afa
29%
Monticello
24%
Ersa
19%
Casabianca
14%
Aucun quiz correspondant
Distribution des résultats
% des personnes avec chaque résultat
Percentile par nombre de réponses
Votre historique - résultats
Vous n’avez pas pris ce quiz